000 00362nam a2200145Ia 4500
005 20251222153557.0
008 251222s9999||||xx |||||||||||||| ||spa||
020 _a9786124126215
082 _a305.8/A49
100 _aAlvarez Calderón Gallo, Diana
245 0 _aEnfoque Intercultural:
250 _a2da. ed.
264 _bMinisterio de Cultura
942 _cLIB
999 _c31088
_d31088